Tinh thể học đại cương /
Shranjeno v:
| Drugi avtorji: | , , |
|---|---|
| Format: | Sách giấy |
| Jezik: | Vietnamese |
| Izdano: |
Hà Nội :
Đại học và Trung học Chuyên nghiệp,
1979.
|
| Oznake: |
Označite
Brez oznak, prvi označite!
|
| Thư viện lưu trữ: | Thư viện Trường Đại học Đà Lạt |
|---|
| LEADER | 00703nam a2200277 4500 | ||
|---|---|---|---|
| 001 | DLU020001776 | ||
| 005 | ##19990903 | ||
| 040 | # | # | |a DLU |b vie |
| 041 | # | # | |a vie |
| 044 | # | # | |a vn |
| 082 | # | # | |a 548 |b Tin |
| 245 | # | # | |a Tinh thể học đại cương / |c Quan Hán Khang, Trịnh Hân, Lê Nguyên Sóc. |
| 260 | # | # | |a Hà Nội : |b Đại học và Trung học Chuyên nghiệp, |c 1979. |
| 300 | # | # | |a 403 tr. ; |c 24 cm. |
| 700 | # | # | |a Lê Nguyên Sóc. |
| 700 | # | # | |a Quan Hán Khang. |
| 700 | # | # | |a Trịnh Hân. |
| 992 | # | # | |a 1575 |
| 994 | # | # | |a DLU |
| 900 | # | # | |a False |
| 911 | # | # | |a Administrator |
| 925 | # | # | |a G |
| 926 | # | # | |a A |
| 927 | # | # | |a SH |
| 980 | # | # | |a Thư viện Trường Đại học Đà Lạt |